Asomiya gadya sahityar dhar (Record no. 11330)

MARC details
000 -LEADER
fixed length control field 00450nam a22001697a 4500
005 - DATE AND TIME OF LATEST TRANSACTION
control field 20260515114924.0
008 - FIXED-LENGTH DATA ELEMENTS--GENERAL INFORMATION
fixed length control field 220623b ||||| |||| 00| 0 eng d
040 ## - CATALOGING SOURCE
Original cataloging agency IN-DiNC
Transcribing agency IN-DiNC
041 ## - LANGUAGE CODE
Language code of sung or spoken text asm
082 ## - DEWEY DECIMAL CLASSIFICATION NUMBER
Classification number 891.4514
100 ## - MAIN ENTRY--PERSONAL NAME
Personal name Goswami Rupshree
Relator term author
245 ## - TITLE STATEMENT
Title Asomiya gadya sahityar dhar
Statement of responsibility, etc. by Goswami Rupshree
250 ## - EDITION STATEMENT
Edition statement 1st ed.
260 ## - PUBLICATION, DISTRIBUTION, ETC.
Place of publication, distribution, etc. Guwahati
Name of publisher, distributor, etc. Publication board of assam
Date of publication, distribution, etc. 2008
300 ## - PHYSICAL DESCRIPTION
Extent 186p.
942 ## - ADDED ENTRY ELEMENTS (KOHA)
Source of classification or shelving scheme Dewey Decimal Classification
Koha item type Books
Holdings
Withdrawn status Lost status Source of classification or shelving scheme Damaged status Not for loan Collection Home library Current library Shelving location Date acquired Cost, normal purchase price Total checkouts Full call number Barcode Date last seen Date last checked out Copy number Price effective from Koha item type
    Dewey Decimal Classification       Naharkatiya College Library Naharkatiya College Library General stacks 06/23/2022 110.00 4 891.4514 18872 03/28/2024 03/04/2024 1 06/23/2022 Books